000 01019cam a2200289Ia 4500
001 u15355
003 SIRSI
005 20180220093805.0
008 960608s1993 enka b 001 0 eng d
020 _a0080418872
039 9 _a200401271233
_beman
_y200203190944
_zload
040 _aEAL.
050 _aS593
_bY88 1993
100 1 _aYu, T. R.
245 1 0 _aElectrochemical methods in soil and water research /
_cT.R. Yu, G.L. Ji ; with the assistance of the staff of the Department of Soil Electrochemistry, Institute of Soil Science, Chinese Academy of Sciences.
250 _a1st ed.
260 _aOxford ;
_aNew York :
_bPergamon Press,
_c1993.
300 _axvi,462p.:
_bill.;
_c24 cm.
504 _aIncludes bibliographical references and index.
596 _a1
650 0 _aSoils
_xAnalysis.
650 0 _aWater
_xAnalysis.
650 0 _aElectrochemical analysis.
700 1 0 _aJi, G. L.
942 _cBK
_2lcc
999 _c23554
_d23554